00000000nam 2200000zi 4500
0019.561416
003CaOODSP
00520230117140842
007cr |||||||||||
008150406s1993    xxc|||||o    f|0| 0 eng d
040 |aCaOODSP|beng
043 |an-cn---
0861 |aYM32-2/352E-PDF
1001 |aFawcett, Ruth, |eauthor.
24510|aLow-level radioactive waste management / |cRuth Fawcett.
264 1|bLibrary of Parliament, |cNovember 1993.
300 |a1 online resource (12 pages) : |bgraphs, references.
336 |atext|btxt|2rdacontent
337 |acomputer|bc|2rdamedia
338 |aonline resource|bcr|2rdacarrier
4901 |aBackground paper ; |vBP-352E
590 |a07-01-Supp|b2007-01-31
69007|aRadioactive waste|2gcpds
69007|aWaste management|2gcpds
7101 |aCanada.|bLibrary of Parliament. |bParliamentary Research Branch, |eissuing body.
77508|tGestion des déchets radioactifs de faible activité / |w(CaOODSP)9.594016
830#0|aBackground paper ;|vBP-352E|w(CaOODSP)9.504772
85640|ahttp://publications.gc.ca|qPDF|s398 KB|uhttps://publications.gc.ca/collections/Collection-R/LoPBdP/BP-e/bp352-e.pdf|yBP-352E